000 00836nam a22001697a 4500
003 OSt
005 20251126102618.0
008 251126b |||||||| |||| 00| 0 eng d
040 _cDCL
082 _a၂၉၄.၃၈၂၃၅၁၃
130 _aတိပိဋက။
_pသုတ္တန္တပိဋက။
_pခုဒ္ဒကနိကာယ။
_tဣတိဝုတ္တက၊
_lအဋ္ဌကထာ။
245 _aဣတိဝုတ္တက အဋ္ဌကထာ။
264 _aရန်ကုန် ၊
_bနိုင်ငံတော်ဗုဒ္ဓသာသနာအဖွဲ့၊
_c၁၉၅၈။
300 _aင၊ ၄၃၀ စာမျက်နှာ ၊
_c၂၅ စင်တီ။
650 _aဣတိဝုတ္တက
_vအဋ္ဌကထာ။
942 _2ddc
_cSHORT TERM
_n0
999 _c2625
_d2625